000 00864nam a2200241 i 4500
001 144857
003 ES-MaACL
005 20250805062610.0
007 t|
008 070214s1970 sp r ||||1| spa d
245 0 0 _aSociología /
_c[editado] por Neil J. Smelser ; presentado por Jose C. Castillo ; [traducción... por Carlos Pascual Gil] ; [patrocinado por] Fundacion Foessa.
260 _aMadrid :
_bEuramérica,
_c1970 (
_fFareso)
300 _a896 p. ;
_c22 cm.
490 1 _aCol. Fundación Foessa. Serie Estudios
650 7 _aSociología
_2embne
_917195
700 1 _aCastillo, José C.
_936696
700 1 _aPascual, Carlos.
_989345
700 1 _aSmelser, Neil J.
_9106819
710 2 _aFundación FOESSA.
_94303
830 0 _aCol. Fundación Foessa. Serie Estudios
_9220712
852 _aES-MaACL
_jC-38577
_bR.75943
999 _c144857
_d144857